01692cam a2200385 i 4500001001300000003000600013005001700019008004100036035002100077035002400098040008000122100004300202245022100245250003500466260012000501300003000621336002700651337005400678338002800732380001600760648001900776648001900795648001900814651001600833651004200849651002900891651006100920658001300981700005200994700005901046700005801105700004301163710004801206787005201254zz2005903541NUKAT20260428233036.0050216s1938 pl |000 0 pol c a(OCoLC)749901972 a(NUKAT)zz2005903541 aKR 295/DRbpolerdacKR 295/DRdKR 295/DGRdGD U/KMsdWR O/PCdOLSZT 008/AL1 aSobieski, Wacławd(1872-1935).eAutor10aDzieje Polski.nT. 2,p1696-1864 /cWacław Sobieski ; przejrzeli i uzupełnili: Kazimierz Marian Morawski (Czasy Saskie), Władysław Konopczyński (Panowanie Stanisława Augusta) i Janusz Iwaszkiewicz (1796-1864). aWydanie drugie - pośmiertne. aWarszawa :bWydawnictwo Zorza :bnakład i własność Jana Załuski,c1938e(Łomża :fDrukarnia Diecezjalna). a204, [1] strona ;c24 cm. aTekstbtxt2rdacontent aBez urządzenia pośredniczącegobn2rdamedia aWoluminbnc2rdacarrier aKsiążki 7a1601-17002DBN 7a1701-18002DBN 7a1801-19002DBN 7aPolska2DBN 7aPolskay1697-1763 (Wettinowie).2kaba 4aPolskay1795-1864.2kaba 7aPolskay1764-1795 (Stanisław August Poniatowski).2kaba aHistoria1 aIwaszkiewicz, Januszd(1879-1944).eOpracowanie1 aKonopczyński, Władysławd(1880-1952).eOpracowanie1 aMorawski, Kazimierz Mariand(1884-1944).eOpracowanie1 aZałuska, Jand(1873-1941).eNakładca2 aDrukarnia "Zorza" (Warszawa).eWydawca4pbl0 tDzieje Polski. T. 1, Do roku 1696wzz2005900347